[Event "Lodz Jan Krzysztof Duda Cup"]
[Site "Lodz"]
[Date "2021.11.13"]
[Round "1"]
[White "Lewicki, Miroslaw"]
[Black "Szmacinski, Slawomir"]
[Result "1-0"]
[WhiteElo "2340"]
[BlackElo "1798"]
[PlyCount "81"]
[EventDate "2021.11.13"]
[EventType "swiss (rapid)"]
[EventRounds "9"]
[EventCountry "POL"]
[SourceTitle "CBM 205 Extra"]
[Source "ChessBase"]
[SourceDate "2022.01.31"]
[SourceVersion "1"]
[SourceVersionDate "2022.01.31"]
[SourceQuality "1"]

1. e4 c5 2. Nf3 d6 3. Nc3 a6 4. g3 Nf6 5. Bg2 Nc6 6. 0-0 e6 7. d4 cxd4 8. Nxd4 Be7 9. Be3 0-0 10. h3 Bd7 11. Re1 Rc8 12. g4 g6 13. f4 e5 14. Nxc6 Bxc6 15. f5 Re8 16. Qd2 b5 17. a3 a5 18. g5 Nh5 19. f6 Bf8 20. Nd5 Bxd5 21. exd5 Qc7 22. c3 Qc4 23. Qf2 Nf4 24. Bxf4 Qxf4 25. Qxf4 exf4 26. Kf2 h6 27. h4 Re5 28. Rxe5 dxe5 29. Rd1 hxg5 30. hxg5 Bd6 31. Bf1 Rb8 32. Kf3 b4 33. axb4 axb4 34. c4 Re8 35. Ke4 Rb8 36. Ra1 Kf8 37. Ra6 Rd8 38. Rxd6 Rxd6 39. c5 Rd8 40. d6 Rc8 41. d7 1-0

[Event "POL-chT 2nd League"]
[Site "Sypniewo"]
[Date "2021.09.12"]
[Round "9.17"]
[White "Soliwoda, Zygmunt"]
[Black "Szmacinski, Slawomir"]
[Result "1-0"]
[WhiteElo "1593"]
[BlackElo "1857"]
[PlyCount "82"]
[EventDate "2021.09.04"]
[EventType "team-swiss"]
[EventRounds "9"]
[EventCountry "POL"]
[SourceTitle "CBM 204 Extra"]
[Source "ChessBase"]
[SourceDate "2021.11.30"]
[SourceVersion "1"]
[SourceVersionDate "2021.11.30"]
[SourceQuality "1"]
[WhiteTeam "Myslenice MAT"]
[BlackTeam "Lodz Okucia Budowlane"]
[WhiteTeamCountry "POL"]
[BlackTeamCountry "POL"]

1. d4 Nf6 2. c4 e6 3. Nc3 Bb4 4. Qc2 d5 5. Bg5 c5 6. Nf3 Nc6 7. cxd5 Nxd4 8. Nxd4 Bxc3+ 9. Qxc3 cxd4 10. Qxd4 Qa5+ 11. Qd2 Qxd2+ 12. Bxd2 Nxd5 13. e4 Nf6 14. Bc3 Bd7 15. Bd3 Bc6 16. f3 0-0 17. Bxf6 gxf6 18. Rd1 Rfd8 19. Ke2 Rd4 20. Rd2 Rad8 21. Rhd1 Kf8 22. Ke3 Ke7 23. Bc2 Rxd2 24. Rxd2 Rxd2 25. Kxd2 Kd6 26. Ke3 Ke5 27. g4 h6 28. h4 Kd6 29. f4 e5 30. b4 exf4+ 31. Kxf4 Bd7 32. Bb3 Be6 33. Bxe6 fxe6 34. a4 b6 35. b5 e5+ 36. Kf5 Ke7 37. Kg6 Ke6 38. Kxh6 Kf7 39. Kh7 Kf8 40. Kg6 Ke7 41. h5 Ke8 1-0

[Event "POL-chT 2nd League"]
[Site "Sypniewo"]
[Date "2021.09.07"]
[Round "4.12"]
[White "Bienias, Piotr"]
[Black "Szmacinski, Slawomir"]
[Result "1-0"]
[WhiteElo "1898"]
[BlackElo "1857"]
[PlyCount "81"]
[EventDate "2021.09.04"]
[EventType "team-swiss"]
[EventRounds "9"]
[EventCountry "POL"]
[SourceTitle "CBM 204 Extra"]
[Source "ChessBase"]
[SourceDate "2021.11.30"]
[SourceVersion "1"]
[SourceVersionDate "2021.11.30"]
[SourceQuality "1"]
[WhiteTeam "Wroclaw Hetman"]
[BlackTeam "Lodz Okucia Budowlane"]
[WhiteTeamCountry "POL"]
[BlackTeamCountry "POL"]

1. e4 c5 2. Nf3 d6 3. d4 cxd4 4. Nxd4 Nf6 5. Nc3 a6 6. Be2 e5 7. Nb3 Be6 8. f4 Nc6 9. f5 Bd7 10. Be3 b5 11. Bf3 Be7 12. g4 h6 13. Qd2 Rc8 14. 0-0-0 Na5 15. Nxa5 Qxa5 16. Kb1 b4 17. Ne2 Rc4 18. Ng3 Bc6 19. Rhe1 Bb7 20. h4 Qc7 21. Qg2 Bf8 22. Rd2 a5 23. g5 hxg5 24. hxg5 Nd7 25. Be2 a4 26. Bxc4 Qxc4 27. Qe2 Qc6 28. Qg4 a3 29. c3 bxc3 30. bxc3 Ba6 31. Rc1 Bc4 32. Ka1 Nc5 33. Bxc5 Qxc5 34. Qd1 Qc6 35. Rb1 Rh3 36. Rg2 Be7 37. Rb8+ Bd8 38. f6 g6 39. Qb1 Ba6 40. Qb3 Kd7 41. Qxf7+ 1-0

[Event "POL-chT 2nd League"]
[Site "Poronin"]
[Date "2020.09.05"]
[Round "1.10"]
[White "Szmacinski, Slawomir"]
[Black "Suliborski, Jakub"]
[Result "1/2-1/2"]
[WhiteElo "1852"]
[BlackElo "2114"]
[PlyCount "72"]
[EventDate "2020.09.05"]
[EventType "team-swiss"]
[EventRounds "9"]
[EventCountry "POL"]
[SourceTitle "CBM 198 Extra"]
[Source "ChessBase"]
[SourceDate "2020.11.30"]
[SourceVersion "1"]
[SourceVersionDate "2020.11.30"]
[SourceQuality "1"]
[WhiteTeam "Lodz Okucia Budowlane"]
[BlackTeam "Minsk Mazowiecki MTSz"]
[WhiteTeamCountry "POL"]
[BlackTeamCountry "POL"]

1. d4 Nf6 2. c4 g6 3. Nc3 Bg7 4. e4 d6 5. Bd3 0-0 6. Nge2 Nc6 7. 0-0 e5 8. d5 Ne7 9. Ng3 h5 10. f3 Nh7 11. Bd2 Bd7 12. Rc1 c5 13. dxc6 bxc6 14. b4 h4 15. Nge2 f5 16. Be3 f4 17. Bf2 h3 18. g3 fxg3 19. Nxg3 Bh6 20. Rc2 Rf6 21. c5 Kh8 22. Be2 Qf8 23. b5 Rd8 24. b6 axb6 25. cxb6 Ng5 26. b7 c5 27. Nd5 Nxd5 28. exd5 Nxf3+ 29. Bxf3 Rxf3 30. Rb2 Bg4 31. Qb1 Rxg3+ 32. Bxg3 Be3+ 33. Rff2 Qf3 34. Qf1 Rb8 35. Rb3 Bxf2+ 36. Qxf2 Qd1+ 1/2-1/2

[Event "Wroclaw Anderssen Memorial op 22nd"]
[Site "Wroclaw"]
[Date "2013.06.29"]
[Round "3"]
[White "Iwanow, Anna"]
[Black "Szmacinski, Slawomir"]
[Result "0-1"]
[WhiteElo "2227"]
[BlackElo "1871"]
[PlyCount "89"]
[EventDate "2013.06.29"]
[EventType "swiss (rapid)"]
[EventRounds "9"]
[EventCountry "POL"]
[SourceTitle "CBM 155 Extra"]
[Source "ChessBase"]
[SourceDate "2013.08.26"]
[SourceVersion "1"]
[SourceVersionDate "2013.08.26"]
[SourceQuality "1"]

1. e4 c5 2. Nf3 d6 3. d4 cxd4 4. Nxd4 Nf6 5. Nc3 a6 6. Be3 e5 7. Nb3 Be6 8. Qd2 Be7 9. f3 Nbd7 10. g4 0-0 11. g5 Nh5 12. 0-0-0 Nb6 13. Rg1 g6 14. Kb1 Rc8 15. Nc1 Nc4 16. Bxc4 Rxc4 17. N1e2 b5 18. Ng3 Nf4 19. h4 b4 20. Nd5 Bxd5 21. exd5 a5 22. Ne4 Nh5 23. Rdf1 Qd7 24. b3 Rcc8 25. Ng3 Nxg3 26. Rxg3 Rc3 27. h5 Qf5 28. hxg6 fxg6 29. Rc1 a4 30. bxa4 Ra8 31. Qe2 Qd7 32. Qb5 Qxb5 33. axb5 Rxe3 34. Rg4 Rea3 35. Rxb4 Bxg5 36. Rg1 Bd2 37. Rb2 Bc3 38. Rb3 Bd4 39. Rxa3 Rxa3 40. Rd1 Rxf3 41. c4 Rc3 42. Rc1 Ra3 43. Rc2 g5 44. Rg2 h6 45. Kc1 0-1

[Event "Wroclaw Anderssen Memorial op 22nd"]
[Site "Wroclaw"]
[Date "2013.06.29"]
[Round "7"]
[White "Szmacinski, Slawomir"]
[Black "Kucypera, Malgorzata"]
[Result "1/2-1/2"]
[WhiteElo "1871"]
[BlackElo "2045"]
[PlyCount "92"]
[EventDate "2013.06.29"]
[EventType "swiss (rapid)"]
[EventRounds "9"]
[EventCountry "POL"]
[SourceTitle "CBM 155 Extra"]
[Source "ChessBase"]
[SourceDate "2013.08.26"]
[SourceVersion "1"]
[SourceVersionDate "2013.08.26"]
[SourceQuality "1"]

1. Nf3 d6 2. d4 Nd7 3. c4 c5 4. e3 g6 5. Nc3 Bg7 6. Be2 Ngf6 7. 0-0 0-0 8. d5 a6 9. a4 b6 10. e4 Qc7 11. Bf4 Ng4 12. Bg5 Re8 13. Qd2 h6 14. Bf4 Kh7 15. h3 Nge5 16. Bh2 Nxf3+ 17. Bxf3 Bb7 18. Be2 e6 19. dxe6 Rxe6 20. Bg4 Rf6 21. Rad1 h5 22. Bxd7 Qxd7 23. e5 Qc6 24. Nd5 dxe5 25. Bxe5 Rf5 26. Bxg7 Kxg7 27. f3 Re8 28. b3 Rfe5 29. Rfe1 Rxe1+ 30. Rxe1 Rxe1+ 31. Qxe1 Qd6 32. Qc3+ f6 33. Ne3 Kf7 34. Kf2 Ke6 35. Nf1 h4 36. Qe3+ Qe5 37. Nd2 Qxe3+ 38. Kxe3 Ke5 39. Nb1 Bc8 40. Nd2 Bb7 41. f4+ Kf5 42. Nf3 Bxf3 43. Kxf3 g5 44. fxg5 fxg5 45. g3 hxg3 46. Kxg3 g4 1/2-1/2

[Event "Wroclaw Anderssen Memorial op 22nd"]
[Site "Wroclaw"]
[Date "2013.06.29"]
[Round "2"]
[White "Szmacinski, Slawomir"]
[Black "Zyla, Tomasz"]
[Result "1-0"]
[WhiteElo "1871"]
[BlackElo "1499"]
[PlyCount "55"]
[EventDate "2013.06.29"]
[EventType "swiss (rapid)"]
[EventRounds "9"]
[EventCountry "POL"]
[SourceTitle "CBM 155 Extra"]
[Source "ChessBase"]
[SourceDate "2013.08.26"]
[SourceVersion "1"]
[SourceVersionDate "2013.08.26"]
[SourceQuality "1"]

1. Nf3 Nc6 2. c4 e5 3. Nc3 Nf6 4. d4 exd4 5. Nxd4 Bc5 6. e3 d6 7. a3 Qe7 8. Be2 Bd7 9. 0-0 0-0 10. b4 Bb6 11. Re1 a6 12. Bb2 Be6 13. Bf3 Qd7 14. Nxe6 fxe6 15. Rc1 Rab8 16. Ne4 Nxe4 17. Bxe4 e5 18. c5 Ba7 19. cxd6 cxd6 20. Bxc6 bxc6 21. Bxe5 Rbd8 22. Bg3 Qf7 23. Rxc6 Qb7 24. Rxd6 Rxd6 25. Qxd6 Qc8 26. a4 Qb7 27. Rd1 Kh8 28. Qxf8# 1-0